| 000 | 00000nas 2200000za 4500 |
| 001 | 9.502191 |
| 003 | CaOODSP |
| 005 | 20230104105251 |
| 007 | cr ||||||||||| |
| 008 | 150406d20052017qucar p o f0 b0fre|d |
| 040 | |aCaOODSP|bfre |
| 043 | |an-cn--- |
| 086 | 1 |aTU1-1F-PDF |
| 245 | 00|aSommaire statistique des événements maritimes |h[ressource électronique]. |
| 260 | |aGatineau (Québec) : |bBureau de la sécurité des transports du Canada, |c2006-2018. |
| 310 | |aAnnuel |
| 362 | 1 |aParaît depuis 2005; ne paraît plus après 2017. |
| 500 | |aPubl. aussi en anglais sous le titre : Statistical summary, marine occurrences. |
| 500 | |aComprend des annexes (données 2005-2014). |
| 515 | |aLes livr. de 2012, 2016-2017 sont disponible en HTML seulement. |
| 520 | 3 |aFournit un résumé de certaines statistiques sur les événements maritimes (accidents et incidents, ou situations pouvant causer des accidents ou des incidents) mettant en cause des navires de commerce. |
| 691 | 07|aAccident maritime|2gcpds |
| 710 | 2 |aBureau de la sécurité des transports du Canada. |
| 775 | 08|tStatistical summary, marine occurrences |w(CaOODSP)9.505779 |
| 776 | 0#|tSommaire statistique des événements maritimes |w(CaOODSP)9.514068 |
| 780 | 00|tSommaire statistique du BST, événements maritimes |w(CaOODSP)9.502848 |
| 785 | 00|tSommaire statistique, événements de transport maritime en … |w(CaOODSP)9.875414 |